000 01164nam a2200205 a 4500
001 000019124
005 20250621074006.0
008 100526s2004 dr 000 0 spa d
040 _aDO-SdBNP
_bspa
_cBNPHU
082 _a321.8
_bE79
245 0 0 _aEstado de la democracia en la República Dominicana :
_binforme ejecutivo.
260 _aSanto Domingo :
_bCIES,
_c2004.
300 _a53 p. :
_bgraf. ;
_c24 cm.
505 0 _aProyectos educativos innovadores: Guía orientativa para su diseño e implementación. Centro de investigaciones y estudios sociales CIES -- Que es el CIES -- Estado de la democracia en la República Dominicana (Informe Ejecutivo) -- Introducción 13|Situación del país y visión de su futura -- La cultura política democrática dominicana -- Participación política y ciudadanía en la demacración dominicana -- Estado, democracia y gobernabilidad -- Conclusiones.
590 _aInventariado, 2018/LP
650 0 _aDemocracia
_9286
651 0 _aRepública Dominicana
_xPolítica y gobierno
_945
710 2 _aCentro de Investigaciones y Estudios Sociales (República Dominicana)
_941147
910 _aValidado. Control de calidad MFF
999 _c18642
_d18642